[Event "DVM U10 2023"]
[Site "Magdeburg GER"]
[Date "2023.12.29"]
[Round "6"]
[White "Luible, Sebastian"]
[Black "Lola, Georgia-Maria"]
[Result "0-1"]
[Termination "normal"]
[Board "9.1"]
[WhiteElo "1128"]
[BlackElo "1243"]
[WhiteClock "00:14:25"]
[BlackClock "00:07:15"]
[WhiteTeam "SF Tegernheim"]
[BlackTeam "MSA Zugzwang 82"]
[PlyCount "128"]
[BlackFideId "34629335"]
[EventCountry "GER"]
[EventRounds "7"]
[EventType "team-swiss"]
[EventDate "2023.12.27"]

1. e4 {[%clk 00:55:08]} {[%emt 00:00:02]} e5 {[%clk 00:55:05]} {[%emt
00:00:05]} 2. Nf3 {[%clk 00:55:09]} {[%emt 00:00:04]} Nc6 {[%clk 00:55:05]}
{[%emt 00:00:05]} 3. Bc4 {[%clk 00:55:08]} {[%emt 00:00:06]} Bc5 {[%clk
00:55:05]} {[%emt 00:00:05]} 4. c3 {[%clk 00:55:06]} {[%emt 00:00:07]} Nf6
{[%clk 00:55:05]} {[%emt 00:00:05]} 5. d4 {[%clk 00:55:05]} {[%emt 00:00:06]}
exd4 {[%clk 00:55:04]} {[%emt 00:00:06]} 6. cxd4 {[%clk 00:55:00]} {[%emt
00:00:10]} Bb4+ {[%clk 00:55:02]} {[%emt 00:00:07]} 7. Nc3 {[%clk 00:54:56]}
{[%emt 00:00:09]} Nxe4 {[%clk 00:55:00]} {[%emt 00:00:06]} 8. O-O {[%clk
00:54:54]} {[%emt 00:00:08]} Bxc3 {[%clk 00:54:59]} {[%emt 00:00:06]} 9. d5
{[%clk 00:54:38]} {[%emt 00:00:22]} Bf6 {[%clk 00:54:52]} {[%emt 00:00:11]} 10.
Re1 {[%clk 00:53:52]} {[%emt 00:00:52]} Ne7 {[%clk 00:54:47]} {[%emt 00:00:09]}
11. Rxe4 {[%clk 00:53:27]} {[%emt 00:00:30]} d6 {[%clk 00:54:40]} {[%emt
00:00:12]} 12. Bb5+ {[%clk 00:51:38]} {[%emt 00:01:53]} Bd7 {[%clk 00:52:26]}
{[%emt 00:02:18]} 13. Bxd7+ {[%clk 00:51:08]} {[%emt 00:00:37]} Qxd7 {[%clk
00:52:10]} {[%emt 00:00:20]} 14. Bg5 {[%clk 00:50:54]} {[%emt 00:00:19]} Bxg5
{[%clk 00:51:18]} {[%emt 00:00:58]} 15. Nxg5 {[%clk 00:50:53]} {[%emt
00:00:06]} O-O {[%clk 00:46:02]} {[%emt 00:05:20]} 16. Qh5 {[%clk 00:49:00]}
{[%emt 00:01:58]} h6 {[%clk 00:44:29]} {[%emt 00:01:39]} 17. Nf3 {[%clk
00:46:29]} {[%emt 00:02:34]} Rfe8 {[%clk 00:41:59]} {[%emt 00:02:34]} 18. h3
{[%clk 00:44:23]} {[%emt 00:02:14]} Qb5 {[%clk 00:39:14]} {[%emt 00:02:43]} 19.
Rg4 {[%clk 00:42:51]} {[%emt 00:01:43]} Qxb2 {[%clk 00:37:51]} {[%emt
00:01:29]} 20. Rf1 {[%clk 00:41:58]} {[%emt 00:00:52]} Qf6 {[%clk 00:33:39]}
{[%emt 00:04:13]} 21. Re1 {[%clk 00:38:45]} {[%emt 00:03:23]} Nf5 {[%clk
00:32:09]} {[%emt 00:01:35]} 22. Rf4 {[%clk 00:36:35]} {[%emt 00:02:20]} Rxe1+
{[%clk 00:31:44]} {[%emt 00:00:30]} 23. Nxe1 {[%clk 00:36:29]} {[%emt
00:00:11]} Qc3 {[%clk 00:29:32]} {[%emt 00:02:09]} 24. Kh2 {[%clk 00:33:05]}
{[%emt 00:03:37]} Qxe1 {[%clk 00:26:30]} {[%emt 00:03:07]} 25. Rxf5 {[%clk
00:32:29]} {[%emt 00:00:41]} g6 {[%clk 00:25:08]} {[%emt 00:01:23]} 26. Qg4
{[%clk 00:30:56]} {[%emt 00:01:42]} Re8 {[%clk 00:22:12]} {[%emt 00:02:48]} 27.
Rf3 {[%clk 00:30:05]} {[%emt 00:01:09]} Qe5+ {[%clk 00:21:24]} {[%emt
00:00:52]} 28. g3 {[%clk 00:29:17]} {[%emt 00:00:53]} Qxd5 {[%clk 00:21:06]}
{[%emt 00:00:24]} 29. Qf4 {[%clk 00:28:03]} {[%emt 00:01:19]} Rf8 {[%clk
00:17:52]} {[%emt 00:03:12]} 30. Kg2 {[%clk 00:27:22]} {[%emt 00:00:53]} Kh7
{[%clk 00:16:26]} {[%emt 00:01:27]} 31. Qa4 {[%clk 00:26:35]} {[%emt 00:00:54]}
b6 {[%clk 00:14:32]} {[%emt 00:01:58]} 32. Qxa7 {[%clk 00:26:03]} {[%emt
00:00:39]} Rc8 {[%clk 00:13:34]} {[%emt 00:00:59]} 33. Qa6 {[%clk 00:24:42]}
{[%emt 00:01:17]} Ra8 {[%clk 00:12:39]} {[%emt 00:01:06]} 34. Qe2 {[%clk
00:24:10]} {[%emt 00:00:38]} Rxa2 {[%clk 00:11:19]} {[%emt 00:01:32]} 35. Qd3
{[%clk 00:22:17]} {[%emt 00:01:58]} Qxd3 {[%clk 00:11:07]} {[%emt 00:00:17]}
36. Rxd3 {[%clk 00:21:04]} {[%emt 00:01:18]} b5 {[%clk 00:10:58]} {[%emt
00:00:14]} 37. Rc3 {[%clk 00:20:10]} {[%emt 00:00:59]} c5 {[%clk 00:10:54]}
{[%emt 00:00:09]} 38. Rd3 {[%clk 00:19:42]} {[%emt 00:00:29]} b4 {[%clk
00:09:44]} {[%emt 00:01:19]} 39. Kf3 {[%clk 00:19:26]} {[%emt 00:00:21]} Ra3
{[%clk 00:09:43]} {[%emt 00:00:07]} 40. Ke2 {[%clk 00:18:59]} {[%emt 00:00:30]}
Rxd3 {[%clk 00:09:42]} {[%emt 00:00:06]} 41. Kxd3 {[%clk 00:18:59]} {[%emt
00:00:06]} d5 {[%clk 00:09:35]} {[%emt 00:00:12]} 42. Kc2 {[%clk 00:19:00]}
{[%emt 00:00:04]} c4 {[%clk 00:09:29]} {[%emt 00:00:10]} 43. Kb2 {[%clk
00:18:59]} {[%emt 00:00:06]} d4 {[%clk 00:09:11]} {[%emt 00:00:24]} 44. Kc2
{[%clk 00:18:59]} {[%emt 00:00:05]} Kg7 {[%clk 00:09:03]} {[%emt 00:00:13]} 45.
f3 {[%clk 00:18:53]} {[%emt 00:00:11]} Kf6 {[%clk 00:09:00]} {[%emt 00:00:08]}
46. Kb2 {[%clk 00:18:33]} {[%emt 00:00:25]} d3 {[%clk 00:08:45]} {[%emt
00:00:19]} 47. Kc1 {[%clk 00:18:31]} {[%emt 00:00:08]} c3 {[%clk 00:08:40]}
{[%emt 00:00:09]} 48. Kd1 {[%clk 00:18:21]} {[%emt 00:00:16]} b3 {[%clk
00:08:41]} {[%emt 00:00:04]} 49. Kc1 {[%clk 00:18:22]} {[%emt 00:00:04]} b2+
{[%clk 00:08:34]} {[%emt 00:00:11]} 50. Kb1 {[%clk 00:17:58]} {[%emt 00:00:28]}
d2 {[%clk 00:08:36]} {[%emt 00:00:04]} 51. Kc2 {[%clk 00:17:54]} {[%emt
00:00:10]} d1=Q+ {[%emt 00:00:07]} 52. Kxd1 {[%clk 00:17:53]} {[%emt 00:00:05]}
b1=Q+ {[%clk 00:08:33]} {[%emt 00:00:06]} 53. Ke2 {[%clk 00:17:51]} {[%emt
00:00:07]} c2 {[%clk 00:08:34]} {[%emt 00:00:04]} 54. Ke3 {[%clk 00:17:44]}
{[%emt 00:00:13]} c1=Q+ {[%emt 00:00:18]} 55. Kd4 {[%clk 00:17:35]} {[%emt
00:00:02]} Qb4+ {[%emt 00:00:46]} 56. Kd3 {[%clk 00:16:55]} {[%emt 00:00:26]}
Qd6+ {[%clk 00:07:55]} {[%emt 00:00:20]} 57. Ke2 {[%clk 00:16:36]} {[%emt
00:00:25]} Qxg3 {[%clk 00:07:39]} {[%emt 00:00:21]} 58. Kd3 {[%emt 00:00:11]}
Qxf3+ {[%clk 00:07:38]} {[%emt 00:00:04]} 59. Kd4 {[%clk 00:16:29]} {[%emt
00:00:08]} Qcf4+ {[%clk 00:07:32]} {[%emt 00:00:11]} 60. Kc5 {[%clk 00:16:17]}
{[%emt 00:00:18]} Qh5+ {[%clk 00:07:29]} {[%emt 00:00:07]} 61. Kc6 {[%clk
00:15:09]} {[%emt 00:01:45]} Qd1 {[%clk 00:07:22]} {[%emt 00:00:08]} 62. Kb5
{[%clk 00:15:09]} {[%emt 00:00:07]} Qc7 {[%clk 00:07:19]} {[%emt 00:00:08]} 63.
Kb4 {[%clk 00:14:35]} {[%emt 00:00:40]} Qb1+ {[%clk 00:07:19]} {[%emt
00:00:05]} 64. Ka3 {[%clk 00:14:25]} {[%emt 00:00:14]} Qa5# {[%clk 00:07:15]}
{[%emt 00:00:04]} 0-1

[Event "DVM U10 2023"]
[Site "Magdeburg GER"]
[Date "2023.12.29"]
[Round "6"]
[White "Wittenberger, Henri"]
[Black "Klaus, Simon"]
[Result "1-0"]
[Termination "normal"]
[Board "9.2"]
[WhiteElo "1066"]
[BlackElo "1044"]
[WhiteClock "00:12:52"]
[BlackClock "00:24:46"]
[WhiteTeam "MSA Zugzwang 82"]
[BlackTeam "SF Tegernheim"]
[PlyCount "125"]
[WhiteFideId "34691510"]
[EventCountry "GER"]
[EventRounds "7"]
[EventType "team-swiss"]
[EventDate "2023.12.27"]

1. e4 {[%clk 00:55:09]} d5 {[%clk 00:55:04]} {[%emt 00:00:07]} 2. exd5 {[%clk
00:55:08]} {[%emt 00:00:06]} Qxd5 {[%clk 00:54:57]} {[%emt 00:00:12]} 3. Nc3
{[%clk 00:55:05]} {[%emt 00:00:08]} Qa5 {[%clk 00:54:54]} {[%emt 00:00:08]} 4.
d4 {[%clk 00:55:00]} {[%emt 00:00:10]} Nf6 {[%clk 00:54:51]} {[%emt 00:00:07]}
5. Nf3 {[%clk 00:54:48]} {[%emt 00:00:17]} Bg4 {[%clk 00:54:47]} {[%emt
00:00:09]} 6. h3 {[%clk 00:54:42]} {[%emt 00:00:11]} Bxf3 {[%clk 00:53:45]}
{[%emt 00:01:07]} 7. Qxf3 {[%clk 00:54:33]} {[%emt 00:00:15]} c6 {[%clk
00:53:36]} {[%emt 00:00:14]} 8. Bf4 {[%clk 00:50:52]} {[%emt 00:03:42]} Nbd7
{[%clk 00:51:53]} {[%emt 00:01:51]} 9. Bd3 {[%clk 00:49:45]} {[%emt 00:01:12]}
e6 {[%clk 00:51:18]} {[%emt 00:00:40]} 10. O-O-O {[%clk 00:48:15]} {[%emt
00:01:35]} Bb4 {[%clk 00:51:04]} {[%emt 00:00:19]} 11. Bd2 {[%clk 00:47:48]}
{[%emt 00:00:32]} Nd5 {[%clk 00:50:20]} {[%emt 00:00:50]} 12. Bc4 {[%clk
00:44:16]} {[%emt 00:03:36]} Nxc3 {[%clk 00:49:47]} {[%emt 00:00:39]} 13. Bxc3
{[%clk 00:43:59]} {[%emt 00:00:21]} Nb6 {[%clk 00:49:15]} {[%emt 00:00:37]} 14.
Bb3 {[%clk 00:42:53]} {[%emt 00:01:08]} Na4 {[%clk 00:48:16]} {[%emt 00:01:09]}
15. Bxb4 {[%clk 00:42:13]} {[%emt 00:00:44]} Qxb4 {[%clk 00:47:19]} {[%emt
00:01:01]} 16. a3 {[%clk 00:40:57]} {[%emt 00:01:22]} Qb5 {[%clk 00:46:49]}
{[%emt 00:00:34]} 17. Qg4 {[%clk 00:37:18]} {[%emt 00:03:37]} O-O {[%clk
00:45:39]} {[%emt 00:01:22]} 18. Rd3 {[%clk 00:35:45]} {[%emt 00:01:38]} a5
{[%clk 00:44:17]} {[%emt 00:01:27]} 19. Rg3 {[%clk 00:33:37]} {[%emt 00:02:12]}
g6 {[%clk 00:43:55]} {[%emt 00:00:28]} 20. d5 {[%clk 00:32:52]} {[%emt
00:00:51]} cxd5 {[%clk 00:43:06]} {[%emt 00:00:54]} 21. Bxa4 {[%clk 00:32:47]}
{[%emt 00:00:11]} Qc5 {[%clk 00:42:41]} {[%emt 00:00:29]} 22. c3 {[%clk
00:30:21]} {[%emt 00:02:30]} b5 {[%clk 00:41:40]} {[%emt 00:01:06]} 23. Bc2
{[%clk 00:29:37]} {[%emt 00:00:48]} b4 {[%clk 00:40:06]} {[%emt 00:01:41]} 24.
cxb4 {[%clk 00:28:55]} {[%emt 00:00:47]} axb4 {[%clk 00:39:38]} {[%emt
00:00:32]} 25. Qxb4 {[%clk 00:28:49]} {[%emt 00:00:10]} Qxb4 {[%clk 00:39:36]}
{[%emt 00:00:09]} 26. axb4 {[%clk 00:28:44]} {[%emt 00:00:08]} Rfc8 {[%clk
00:39:33]} {[%emt 00:00:09]} 27. Rc3 {[%clk 00:28:10]} {[%emt 00:00:37]} Ra1+
{[%clk 00:38:48]} {[%emt 00:00:53]} 28. Bb1 {[%clk 00:28:02]} {[%emt 00:00:13]}
Raa8 {[%clk 00:37:46]} {[%emt 00:01:07]} 29. Rxc8+ {[%clk 00:27:31]} {[%emt
00:00:35]} Rxc8+ {[%clk 00:37:45]} {[%emt 00:00:07]} 30. Kd2 {[%clk 00:27:25]}
{[%emt 00:00:11]} Rb8 {[%clk 00:37:39]} {[%emt 00:00:11]} 31. Kc3 {[%clk
00:27:15]} {[%emt 00:00:14]} Rc8+ {[%clk 00:36:57]} {[%emt 00:00:48]} 32. Kb3
{[%clk 00:27:09]} {[%emt 00:00:10]} Rc4 {[%clk 00:36:55]} {[%emt 00:00:08]} 33.
Bd3 {[%clk 00:26:33]} {[%emt 00:00:39]} Rd4 {[%clk 00:35:47]} {[%emt 00:01:16]}
34. Kc3 {[%clk 00:25:50]} {[%emt 00:00:46]} e5 {[%clk 00:35:24]} {[%emt
00:00:29]} 35. b5 {[%clk 00:25:42]} {[%emt 00:00:13]} Ra4 {[%clk 00:34:35]}
{[%emt 00:00:54]} 36. b3 {[%clk 00:23:33]} {[%emt 00:02:14]} Ra8 {[%clk
00:34:28]} {[%emt 00:00:11]} 37. Kb2 {[%clk 00:23:28]} {[%emt 00:00:11]} Kf8
{[%clk 00:33:52]} {[%emt 00:00:41]} 38. Ra1 {[%clk 00:23:23]} {[%emt 00:00:10]}
Rb8 {[%clk 00:33:14]} {[%emt 00:00:43]} 39. Ra6 {[%clk 00:21:44]} {[%emt
00:01:43]} Ke8 {[%clk 00:32:28]} {[%emt 00:00:51]} 40. Rd6 {[%clk 00:21:29]}
{[%emt 00:00:18]} d4 {[%clk 00:32:05]} {[%emt 00:00:30]} 41. Be4 {[%clk
00:20:47]} {[%emt 00:00:46]} Rxb5 {[%clk 00:31:42]} {[%emt 00:00:29]} 42. Bc6+
{[%clk 00:20:45]} {[%emt 00:00:08]} Ke7 {[%clk 00:31:38]} {[%emt 00:00:09]} 43.
Rd7+ {[%clk 00:20:41]} {[%emt 00:00:09]} Ke6 {[%clk 00:31:28]} {[%emt
00:00:15]} 44. Bxb5 {[%clk 00:20:29]} {[%emt 00:00:17]} h5 {[%clk 00:30:53]}
{[%emt 00:00:40]} 45. Ra7 {[%clk 00:20:10]} {[%emt 00:00:23]} Kd5 {[%clk
00:30:50]} {[%emt 00:00:09]} 46. Bc4+ {[%clk 00:19:15]} {[%emt 00:01:00]} Kc5
{[%clk 00:30:18]} {[%emt 00:00:37]} 47. Rxf7 {[%clk 00:19:07]} {[%emt
00:00:12]} e4 {[%clk 00:30:05]} {[%emt 00:00:18]} 48. Re7 {[%clk 00:19:06]}
{[%emt 00:00:06]} d3 {[%clk 00:29:01]} {[%emt 00:01:10]} 49. Rxe4 {[%clk
00:18:53]} {[%emt 00:00:18]} d2 {[%clk 00:28:49]} {[%emt 00:00:17]} 50. Kc2
{[%clk 00:18:52]} {[%emt 00:00:06]} d1=Q+ {[%clk 00:28:40]} {[%emt 00:00:13]}
51. Kxd1 g5 {[%emt 00:00:19]} 52. g4 {[%clk 00:17:56]} {[%emt 00:00:43]} h4
{[%clk 00:28:19]} {[%emt 00:00:26]} 53. f4 {[%clk 00:17:38]} {[%emt 00:00:23]}
gxf4 {[%clk 00:28:16]} {[%emt 00:00:08]} 54. Rxf4 {[%clk 00:17:29]} {[%emt
00:00:13]} Kb4 {[%clk 00:28:08]} {[%emt 00:00:14]} 55. g5 {[%clk 00:17:11]}
{[%emt 00:00:23]} Kc3 {[%clk 00:27:59]} {[%emt 00:00:14]} 56. g6 {[%clk
00:16:44]} {[%emt 00:00:32]} Kb2 {[%clk 00:27:47]} {[%emt 00:00:17]} 57. Rf3
{[%clk 00:16:12]} {[%emt 00:00:35]} Ka3 {[%clk 00:27:44]} {[%emt 00:00:10]} 58.
g7 {[%clk 00:16:00]} {[%emt 00:00:17]} Kb2 {[%clk 00:27:01]} {[%emt 00:00:48]}
59. Kd2 {[%clk 00:15:27]} {[%emt 00:00:37]} Ka3 {[%clk 00:26:30]} {[%emt
00:00:37]} 60. Kc3 {[%clk 00:14:26]} {[%emt 00:01:06]} Ka2 {[%clk 00:26:12]}
{[%emt 00:00:23]} 61. Bd3 {[%clk 00:13:57]} {[%emt 00:00:33]} Ka1 {[%clk
00:24:46]} {[%emt 00:03:27]} 62. g8=Q {[%emt 00:00:34]} Ka2 {[%emt 00:00:22]}
63. Qa8# {[%clk 00:12:52]} {[%emt 00:00:08]} 1-0

[Event "DVM U10 2023"]
[Site "Magdeburg GER"]
[Date "2023.12.29"]
[Round "6"]
[White "Ivashchenko, Yurii"]
[Black "Tischlinger, Lara"]
[Result "1/2-1/2"]
[Termination "normal"]
[Board "10.1"]
[WhiteElo "1394"]
[BlackElo "1312"]
[WhiteClock "00:07:40"]
[BlackClock "00:07:31"]
[WhiteTeam "SG Leipzig"]
[BlackTeam "SK Weisse Dame Hamburg"]
[PlyCount "51"]
[WhiteFideId "34163735"]
[BlackFideId "34663401"]
[EventCountry "GER"]
[EventRounds "7"]
[EventType "team-swiss"]
[EventDate "2023.12.27"]

1. e4 {[%clk 00:55:08]} {[%emt 00:00:01]} c6 {[%clk 00:55:04]} {[%emt
00:00:06]} 2. d3 {[%clk 00:55:10]} {[%emt 00:00:04]} d5 {[%clk 00:55:00]}
{[%emt 00:00:09]} 3. Nd2 {[%clk 00:55:08]} {[%emt 00:00:06]} dxe4 {[%clk
00:54:23]} {[%emt 00:00:42]} 4. dxe4 {[%clk 00:55:03]} {[%emt 00:00:10]} Nf6
{[%clk 00:54:13]} {[%emt 00:00:15]} 5. Ngf3 {[%clk 00:54:46]} {[%emt 00:00:22]}
Bg4 {[%clk 00:53:38]} {[%emt 00:00:40]} 6. Bc4 {[%clk 00:53:06]} {[%emt
00:01:46]} Nbd7 {[%clk 00:50:49]} {[%emt 00:02:54]} 7. e5 {[%clk 00:46:15]}
{[%emt 00:06:56]} Nd5 {[%clk 00:44:02]} {[%emt 00:06:52]} 8. Qe2 {[%clk
00:41:55]} {[%emt 00:04:25]} e6 {[%clk 00:36:20]} {[%emt 00:07:46]} 9. O-O
{[%clk 00:39:14]} {[%emt 00:02:46]} Be7 {[%clk 00:35:38]} {[%emt 00:00:47]} 10.
Re1 {[%clk 00:31:19]} {[%emt 00:08:01]} O-O {[%clk 00:34:20]} {[%emt 00:01:23]}
11. h3 {[%clk 00:30:04]} {[%emt 00:01:19]} Bh5 {[%clk 00:32:52]} {[%emt
00:01:32]} 12. Bxd5 {[%clk 00:24:56]} {[%emt 00:05:14]} cxd5 {[%clk 00:31:50]}
{[%emt 00:01:07]} 13. Nf1 {[%clk 00:23:56]} {[%emt 00:01:05]} Qc7 {[%clk
00:29:56]} {[%emt 00:01:57]} 14. Bf4 {[%clk 00:22:22]} {[%emt 00:01:41]} Rac8
{[%clk 00:28:41]} {[%emt 00:01:20]} 15. c3 {[%clk 00:21:51]} {[%emt 00:00:36]}
Qb6 {[%clk 00:26:15]} {[%emt 00:02:30]} 16. Rab1 {[%clk 00:18:16]} {[%emt
00:03:42]} Rc4 {[%clk 00:21:50]} {[%emt 00:04:30]} 17. Ng3 {[%clk 00:15:57]}
{[%emt 00:02:23]} Bg6 {[%clk 00:19:57]} {[%emt 00:01:57]} 18. Be3 {[%clk
00:15:06]} {[%emt 00:00:57]} Qc7 {[%clk 00:18:45]} {[%emt 00:01:17]} 19. Ra1
{[%clk 00:13:44]} {[%emt 00:01:28]} a6 {[%clk 00:16:24]} {[%emt 00:02:26]} 20.
Bd2 {[%clk 00:13:27]} {[%emt 00:00:21]} Qb6 {[%clk 00:13:14]} {[%emt 00:03:15]}
21. Bg5 {[%clk 00:12:20]} {[%emt 00:01:12]} Bxg5 {[%clk 00:10:48]} {[%emt
00:02:31]} 22. Nxg5 {[%clk 00:12:17]} {[%emt 00:00:09]} Rc5 {[%clk 00:10:00]}
{[%emt 00:00:52]} 23. a3 {[%clk 00:10:02]} {[%emt 00:02:22]} Rfc8 {[%clk
00:09:19]} {[%emt 00:00:45]} 24. h4 {[%clk 00:08:56]} {[%emt 00:01:11]} h6
{[%clk 00:08:04]} {[%emt 00:01:19]} 25. Nf3 {[%clk 00:08:06]} {[%emt 00:00:55]}
Rb5 {[%clk 00:07:31]} {[%emt 00:00:38]} 26. Ra2 {[%clk 00:07:40]} {[%emt
00:00:32]} 1/2-1/2

[Event "DVM U10 2023"]
[Site "Magdeburg GER"]
[Date "2023.12.29"]
[Round "6"]
[White "Horn, Niclas"]
[Black "Bacakova, Klara"]
[Result "1-0"]
[Termination "normal"]
[Board "10.2"]
[WhiteElo "1058"]
[BlackElo "1344"]
[WhiteClock "00:37:45"]
[BlackClock "00:16:04"]
[WhiteTeam "SK Weisse Dame Hamburg"]
[BlackTeam "SG Leipzig"]
[PlyCount "69"]
[WhiteFideId "34663428"]
[BlackFideId "34605762"]
[EventCountry "GER"]
[EventRounds "7"]
[EventType "team-swiss"]
[EventDate "2023.12.27"]

1. e4 {[%clk 00:55:09]} c5 {[%clk 00:55:07]} {[%emt 00:00:04]} 2. c3 {[%clk
00:55:08]} {[%emt 00:00:06]} d5 {[%clk 00:55:00]} {[%emt 00:00:12]} 3. exd5
{[%clk 00:55:03]} {[%emt 00:00:10]} Qxd5 {[%clk 00:54:57]} {[%emt 00:00:07]} 4.
d4 {[%clk 00:55:02]} {[%emt 00:00:07]} Nc6 {[%clk 00:54:31]} {[%emt 00:00:31]}
5. Nf3 {[%clk 00:54:59]} {[%emt 00:00:07]} Bg4 {[%clk 00:54:18]} {[%emt
00:00:19]} 6. Be2 {[%clk 00:54:35]} {[%emt 00:00:28]} Nf6 {[%clk 00:53:33]}
{[%emt 00:00:51]} 7. c4 {[%clk 00:53:37]} {[%emt 00:01:03]} Qd6 {[%clk
00:52:21]} {[%emt 00:01:16]} 8. d5 {[%clk 00:52:20]} {[%emt 00:01:23]} Bxf3
{[%clk 00:50:44]} {[%emt 00:01:41]} 9. Bxf3 {[%clk 00:52:09]} {[%emt 00:00:16]}
Nd4 {[%clk 00:48:47]} {[%emt 00:02:03]} 10. Be3 {[%clk 00:51:48]} {[%emt
00:00:25]} Nf5 {[%clk 00:46:07]} {[%emt 00:02:46]} 11. Qd2 {[%clk 00:51:02]}
{[%emt 00:00:49]} b6 {[%clk 00:42:06]} {[%emt 00:04:07]} 12. O-O {[%clk
00:50:30]} {[%emt 00:00:37]} Rd8 {[%clk 00:40:23]} {[%emt 00:01:48]} 13. Nc3
{[%clk 00:50:07]} {[%emt 00:00:29]} e6 {[%clk 00:37:18]} {[%emt 00:03:09]} 14.
Bf4 {[%clk 00:48:06]} {[%emt 00:02:06]} Qd7 {[%clk 00:35:55]} {[%emt 00:01:28]}
15. Bd1 {[%clk 00:47:34]} {[%emt 00:00:37]} Qe7 {[%clk 00:32:25]} {[%emt
00:03:36]} 16. Ba4+ {[%clk 00:46:56]} {[%emt 00:00:43]} Nd7 {[%clk 00:32:03]}
{[%emt 00:00:27]} 17. Nb5 {[%clk 00:45:25]} {[%emt 00:01:36]} f6 {[%clk
00:29:17]} {[%emt 00:02:51]} 18. Nc7+ {[%clk 00:44:31]} {[%emt 00:00:58]} Kf7
{[%clk 00:29:12]} {[%emt 00:00:09]} 19. dxe6+ {[%clk 00:44:27]} {[%emt
00:00:10]} Kg8 {[%clk 00:27:23]} {[%emt 00:01:54]} 20. exd7 {[%clk 00:44:09]}
{[%emt 00:00:23]} Nd4 {[%clk 00:26:18]} {[%emt 00:01:10]} 21. Rfe1 {[%clk
00:43:06]} {[%emt 00:01:07]} Qf7 {[%clk 00:25:40]} {[%emt 00:00:43]} 22. Be3
{[%clk 00:42:09]} {[%emt 00:01:03]} Rxd7 {[%clk 00:23:47]} {[%emt 00:01:58]}
23. Bxd7 {[%emt 00:00:16]} Qxd7 {[%clk 00:23:47]} {[%emt 00:00:03]} 24. Nd5
{[%clk 00:41:54]} {[%emt 00:00:11]} Bd6 {[%clk 00:22:23]} {[%emt 00:01:29]} 25.
Bxd4 {[%clk 00:41:37]} {[%emt 00:00:21]} cxd4 {[%clk 00:21:55]} {[%emt
00:00:34]} 26. Qxd4 {[%clk 00:41:34]} {[%emt 00:00:08]} Kf7 {[%clk 00:21:13]}
{[%emt 00:00:47]} 27. Qh4 {[%clk 00:39:34]} {[%emt 00:02:04]} h6 {[%clk
00:20:10]} {[%emt 00:01:09]} 28. Qh5+ {[%clk 00:39:19]} {[%emt 00:00:20]} Kf8
{[%clk 00:19:51]} {[%emt 00:00:24]} 29. Re2 {[%clk 00:38:36]} {[%emt 00:00:48]}
Be5 {[%clk 00:19:28]} {[%emt 00:00:28]} 30. Rae1 {[%clk 00:38:27]} {[%emt
00:00:14]} Rg8 {[%clk 00:17:58]} {[%emt 00:01:36]} 31. f4 {[%clk 00:38:19]}
{[%emt 00:00:12]} Bd4+ {[%clk 00:17:38]} {[%emt 00:00:25]} 32. Kh1 {[%clk
00:38:13]} {[%emt 00:00:11]} g6 {[%clk 00:16:57]} {[%emt 00:00:46]} 33. Qxh6+
{[%clk 00:38:07]} {[%emt 00:00:12]} Kf7 {[%clk 00:16:09]} {[%emt 00:00:53]} 34.
Re7+ {[%clk 00:37:52]} {[%emt 00:00:20]} Qxe7 {[%clk 00:16:04]} {[%emt
00:00:09]} 35. Rxe7# {[%clk 00:37:45]} {[%emt 00:00:09]} 1-0

[Event "DVM U10 2023"]
[Site "Magdeburg GER"]
[Date "2023.12.29"]
[Round "6"]
[White "Rose, Elias Bernd"]
[Black "Theelke, Luiz"]
[Result "1/2-1/2"]
[Termination "normal"]
[Board "10.3"]
[WhiteElo "1150"]
[BlackElo "1054"]
[WhiteClock "00:49:32"]
[BlackClock "00:46:47"]
[WhiteTeam "SG Leipzig"]
[BlackTeam "SK Weisse Dame Hamburg"]
[PlyCount "45"]
[WhiteFideId "34665730"]
[EventCountry "GER"]
[EventRounds "7"]
[EventType "team-swiss"]
[EventDate "2023.12.27"]

1. d4 {[%clk 00:54:57]} {[%emt 00:00:13]} d5 {[%clk 00:55:05]} {[%emt
00:00:06]} 2. c4 {[%clk 00:54:52]} {[%emt 00:00:10]} e6 {[%clk 00:55:02]}
{[%emt 00:00:08]} 3. Nc3 {[%clk 00:54:51]} {[%emt 00:00:06]} Nf6 {[%clk
00:55:02]} {[%emt 00:00:06]} 4. Nf3 {[%clk 00:54:39]} {[%emt 00:00:16]} Be7
{[%clk 00:54:52]} {[%emt 00:00:15]} 5. Bf4 {[%clk 00:54:33]} {[%emt 00:00:11]}
a6 {[%clk 00:54:24]} {[%emt 00:00:33]} 6. a3 {[%clk 00:54:29]} {[%emt
00:00:09]} O-O {[%clk 00:54:19]} {[%emt 00:00:10]} 7. e3 {[%clk 00:54:29]}
{[%emt 00:00:05]} Nbd7 {[%clk 00:54:16]} {[%emt 00:00:08]} 8. Qb3 {[%clk
00:54:10]} {[%emt 00:00:24]} b6 {[%clk 00:54:06]} {[%emt 00:00:15]} 9. cxd5
{[%clk 00:54:03]} {[%emt 00:00:12]} exd5 {[%clk 00:52:42]} {[%emt 00:01:30]}
10. Nxd5 {[%clk 00:53:56]} {[%emt 00:00:11]} Nxd5 {[%clk 00:52:02]} {[%emt
00:00:43]} 11. Qxd5 {[%clk 00:53:53]} {[%emt 00:00:09]} Ra7 {[%clk 00:51:54]}
{[%emt 00:00:13]} 12. Be2 {[%clk 00:53:35]} {[%emt 00:00:23]} Bb7 {[%clk
00:51:26]} {[%emt 00:00:34]} 13. Qh5 {[%clk 00:53:33]} {[%emt 00:00:07]} Nf6
{[%clk 00:51:06]} {[%emt 00:00:25]} 14. Qe5 {[%clk 00:53:19]} {[%emt 00:00:19]}
Bd6 {[%clk 00:50:53]} {[%emt 00:00:18]} 15. Qf5 {[%clk 00:53:10]} {[%emt
00:00:14]} Bc8 {[%clk 00:50:05]} {[%emt 00:00:54]} 16. Qc2 {[%clk 00:51:34]}
{[%emt 00:01:40]} Bxf4 {[%clk 00:48:55]} {[%emt 00:01:15]} 17. exf4 {[%clk
00:51:31]} {[%emt 00:00:07]} Bg4 {[%clk 00:48:42]} {[%emt 00:00:19]} 18. Rd1
{[%clk 00:51:01]} {[%emt 00:00:35]} Bxf3 {[%clk 00:48:28]} {[%emt 00:00:19]}
19. Bxf3 {[%clk 00:50:56]} {[%emt 00:00:10]} Re8+ {[%clk 00:47:48]} {[%emt
00:00:45]} 20. Be2 {[%clk 00:50:50]} {[%emt 00:00:11]} Qe7 {[%clk 00:47:31]}
{[%emt 00:00:21]} 21. Rd2 {[%clk 00:49:42]} {[%emt 00:01:13]} Ne4 {[%clk
00:46:58]} {[%emt 00:00:38]} 22. Rd1 {[%clk 00:49:37]} {[%emt 00:00:11]} Nf6
{[%clk 00:46:47]} {[%emt 00:00:16]} 23. Rd2 {[%clk 00:49:32]} {[%emt 00:00:10]}
1/2-1/2